Index Islamicus 1906 -1955 (Record no. 693910)

MARC details
000 -LEADER
fixed length control field 00735nam a2200229Ia 4500
003 - CONTROL NUMBER IDENTIFIER
control field OSt
005 - DATE AND TIME OF LATEST TRANSACTION
control field 20220927105705.0
008 - FIXED-LENGTH DATA ELEMENTS--GENERAL INFORMATION
fixed length control field 220926b |||||||| |||| 00| 0 eng d
037 ## - SOURCE OF ACQUISITION
Terms of availability Reference Collections
040 ## - CATALOGING SOURCE
Original cataloging agency RTL
Transcribing agency RTL
Language of cataloging eng
041 ## - LANGUAGE CODE
Source of code eng
Language code of text/sound track or separate title eng
100 ## - MAIN ENTRY--PERSONAL NAME
Personal name Pearson J.D Cmp
9 (RLIN) 374210
245 #0 - TITLE STATEMENT
Title Index Islamicus 1906 -1955
Remainder of title A Catalogue of Articles on Islamic Subjects in Periodicals and other Collective Publications
260 ## - PUBLICATION, DISTRIBUTION, ETC.
Place of publication, distribution, etc. England
Name of publisher, distributor, etc. W. Heffer &Sons Limited Cambridge
Date of publication, distribution, etc. 1960
300 ## - PHYSICAL DESCRIPTION
Extent 897p.
Dimensions cm.
942 ## - ADDED ENTRY ELEMENTS (KOHA)
Classification part "Q7aN5, J8/RR"
Koha item type
Holdings
Withdrawn status Lost status Damaged status Not for loan Home library Current library Date acquired Total Checkouts Full call number Barcode Date last seen Price effective from Koha item type
        Ratan Tata Library Ratan Tata Library 2022-09-27   "Q7aN5 J8/RR" RT0042304 2022-09-27 2022-09-27  
Copyright @ Delhi University Library System